000 00815nam a22002657i 4500
003 DO-SdBNP
005 20250721094053.0
007 ta
008 250721b2024 |||||||| |||| 00| 0 spa d
020 _a9789945504316
040 _aDO-SdBNP
_bspa
_cBNPHU
_erda
041 _asp
082 _axxx
_bC719d
_222
100 1 _aColón Arache, M. Jesús
_eautor
_4aut.
_987399
245 1 0 _aDe Andrés L. Mateo a Tony Raful :
_bdos entrevistas y un ensayo /
_cM. Jesús Colón Arache
250 _aPrimera edición
264 _aSanto Domingo :
_bEl Nuevo Diario,
_c2024.
300 _a58 páginas :
_bilustraciones ;
_c23 cm
336 _ardacontent
_btexto
_2txt
337 _ardamedia
_bsin mediación
_2n
338 _ardacarrier
_bvolumen
_2nc
590 _aInventariado, 2025 /DG
910 _aDG
942 _2ddc
_cLBS1
999 _c58688
_d58688